Montenegrin Political Parties - Statistics

General Stats
  • This quiz has been taken 7 times
  • The average score is 8 of 16
Answer Stats
Ideology Seats Answer % Correct
Bosniak minority interestsSocial conservatism Pro-Europeanism 6 Bosniak
83%
Albanian minority interestsNational conservatism Pro-Europeanism 1 Democratic
83%
Conservative liberalismPro-Europeanism 7 Democratic Montenegro
83%
PopulismMontenegrin nationalism Neoliberalism 17 Democratic Party of Socialists
83%
Economic liberalismAnti-corruption Pro-Europeanism 20 Europe Now!
83%
Serbian nationalismRussophilia 9 New Serb Democracy
67%
Social conservatismSocial democracy Pro-Europeanism 2 Socialists People's
67%
PopulismGreen politics Pro-Europeanism 4 United Reform
67%
Albanian minority interestsSocial conservativism National conservativism 2 Albanian Alternative
50%
Social democracyPopulism Pro-Europeanism 3 Social Democrats
50%
PopulismSerbian nationalism Social conservatism 4 Democratic People's
33%
LiberalismPro-Europeanism 1 Citizens' Union "Civis"
17%
Croatian minority interestsSocial conservatism Pro-Europeanism 1 Croatian Civic Initiative
17%
Albanian minority interestsSocial conservatism 1 Democratic Union of Albanians
17%
Albanian minority interestsConservatism Pro-Europeanism 1 New Democratic Force
17%
National conservatismEthnic Serb interests 1 United Montenegro
17%
No matching quizzes found
Score Distribution
Percent of People with Each Score
Percentile by Number Answered
Your Score History
You have not taken this quiz